| 000 | 00505cam a2200181ua 4500 | ||
|---|---|---|---|
| 001 | 419 | ||
| 008 | 110331n ii |||gr||||Z||||||eng | ||
| 040 | _cMAIN | ||
| 082 | _a327.11 | ||
| 245 | 1 |
_aTheoritical aspects of international politics _cby Mahendra Kumar |
|
| 250 | _a6th. | ||
| 260 |
_aAgra: _bShiva lal agarwala,984. |
||
| 300 |
_axvi, 496p.: _c25cm. |
||
| 653 | _aPolitical science | ||
| 653 | _aTheoritical aspects of international politics | ||
| 700 |
_aKumar, Mahendra., _eAuthor. |
||
| 942 | _cBK | ||
| 999 |
_c364 _d364 |
||